000 004160000a22001690004500
003 MACL
005 20150802115020.0
008 150802b xxu||||| |||| 00| 0 eng d
040 _aMACL
_cMACL
041 _aEnglish
082 _a390/DEV
100 _aDev, Bimal J.
_94266
245 _aLushai Customs And Ceremonies
260 _bMittal Publication
_c1983
_aDelhi
650 _aCustoms
_94260
942 _cBK
_k390
_2ddc
999 _c6219
_d6219